=LDR 00000nam 2200000 4500 =001 INLIS000000000036580 =005 20201012070058 =035 ##$$a 0010-061300000036580 =008 201012################g##########0#ind## =041 ##$$a Ind =082 ##$$a 372.7 =090 ##$$a 272.7, Bun b =245 ##$$a Bunda jagoan matematika /$c oleh Siswo Wiratno...[et.al] =260 ##$$a Jakarta :$b Kompas Gramedia,$c 2011 =300 ##$$a iv, 120 hlm. : $b ilus ; $c 23 x 15 cm. =650 #4$$a Pendidikan Dasar Matematika =700 #$$a Wiratno, Siswo =850 ##$$a NBPNMAT =084 ##$$a 372.7 BUN =250 ##$$a cet. 1 =520 ##$$a Bibliografi hlm. 119 =520 ##$$a Biografi hlm.120 =990 ##$$a 21102333